LEADER 00921nam0-22002771i-450- 001 990001672280403321 005 20050524115518.0 035 $a000167228 035 $aFED01000167228 035 $a(Aleph)000167228FED01 035 $a000167228 100 $a20030910d1906----km-y0itay50------ba 101 0 $aita 200 1 $aRelazione della Direzione generale delle Imposte Dirette e del Catasto per l'esercizio finanziario 1904-905$fMinistero delle Finanze 210 $aRoma$cScotti$d1906 215 $a239 p.$d30 cm 610 0 $aImposte dirette 676 $a336.294 710 02$aItalia.$bMinistero delle finanze$0356818 801 0$aIT$bUNINA$gRICA$2UNIMARC 901 $aBK 912 $a990001672280403321 952 $a60 336.21 A 2$b6991$fFAGBC 959 $aFAGBC 996 $aRelazione della Direzione generale delle Imposte Dirette e del Catasto per l'esercizio finanziario 1904-905$9370878 997 $aUNINA LEADER 03541nam 2200577 450 001 9910797676903321 005 20230807193329.0 010 $a90-04-24492-1 024 7 $a10.1163/9789004244924 035 $a(CKB)3710000000479226 035 $a(EBL)4003999 035 $a(SSID)ssj0001555516 035 $a(PQKBManifestationID)16181787 035 $a(PQKBTitleCode)TC0001555516 035 $a(PQKBWorkID)13716469 035 $a(PQKB)11677484 035 $a(MiAaPQ)EBC4003999 035 $a(OCoLC)914339343 035 $a(nllekb)BRILL9789004244924 035 $a(EXLCZ)993710000000479226 100 $a20151111h20152015 uy 0 101 0 $aeng 135 $aur|n|---||||| 181 $ctxt 182 $cc 183 $acr 200 14$aThe Italian reformation outside Italy $eFrancesco Pucci's heresy in sixteenth-century Europe /$fby Giorgio Caravale 210 1$aLeiden, The Netherlands ;$aBoston, Massachusetts :$cBrill,$d2015. 210 4$dİ2015 215 $a1 online resource (286 p.) 225 1 $aBrill's Studies in Intellectual History,$x0920-8607 ;$vVolume 246 300 $aDescription based upon print version of record. 311 $a90-04-24491-3 320 $aIncludes bibliographical references and index. 327 $aPreliminary Material -- Introduction -- 1 Becoming a Heretic in Sixteenth-Century Florence: Francesco Pucci and His Intellectual Education -- 2 Francesco Pucci in France during the First Wars of Religion -- 3 At the Gates of Paris: Henry iv and the Roman Inquisition -- 4 Among Catholics and Calvinists: Francesco Pucci in Late Sixteenth-Century France -- 5 Jean Hotman and French Irenicism -- 6 The Limits of the Kingdom of God -- Epilogue -- Conclusion: An Italian Heresy -- Appendix 1 -- Appendix 2 -- Bibliography -- Index. 330 $aWhat was the legacy of the so-called Italian Reformation? What contribution did Italian humanism make to European developments in irenicism and religious tolerance? In The Italian Reformation outside Italy , Giorgio Caravale uses previously unpublished documents to reconstruct the life and intellectual career of Francesco Pucci (1543-1597). Educated in Renaissance Florence, Pucci found his vocation as a prophet in France during the Wars of Religion and embarked on a long period of peregrination, stopping off in Paris, London, Basle, Antwerp, Krakow and Prague before being imprisoned, tried and sentenced to death by the Roman Inquisition three years before Giordano Bruno. His doctrines were judged to be heretical by all religious confessions and his political proposal was a spectacular failure. Caravale presents a rich chapter of sixteenth-century European history whose main features are religious conflict, irenic tension, universalist aspirations and prophetic expectations. The translation of this work has been funded by SEPS (SEGRETARIATO EUROPEO PER LE PUBBLICAZIONI SCIENTIFICHE), Via Val d'Aposa 7, I-40123 Bologna, Italy ? seps@seps.it ? www.seps.it 410 0$aBrill's studies in intellectual history ;$vVolume 246. 606 $aChristian heresies$xHistory$y16th century 606 $aReformation 607 $aEurope$xIntellectual life$y16th century 615 0$aChristian heresies$xHistory 615 0$aReformation. 676 $a945/.07 700 $aCaravale$b Giorgio$0292286 801 0$bMiAaPQ 801 1$bMiAaPQ 801 2$bMiAaPQ 906 $aBOOK 912 $a9910797676903321 996 $aThe Italian reformation outside Italy$93698667 997 $aUNINA